|
|
|
|
| LEADER |
00851cam a2200325 7i4500 |
| 001 |
0000027854 |
| 005 |
20120807090000.0 |
| 020 |
0 |
0 |
|a 9781842645512
|
| 090 |
0 |
0 |
|a AMER 658.834
|b CON
|
| 245 |
0 |
0 |
|a Consumer Americas 2012.
|
| 250 |
0 |
0 |
|a 19th edition.
|
| 260 |
0 |
0 |
|a London:
|b Euromonitor International,
|c 2011.
|
| 300 |
# |
# |
|a 308 p.
|
| 650 |
0 |
0 |
|a Consumer --
|x Research --
|z Americas
|
| 650 |
0 |
0 |
|a Consumer --
|x Markets --
|z Americas
|
| 650 |
0 |
0 |
|a Consumer behavior --
|z Americas
|
| 651 |
0 |
0 |
|a Ecuador
|
| 651 |
0 |
0 |
|a Americas
|
| 651 |
0 |
0 |
|a Canada
|
| 651 |
0 |
0 |
|a Guatemala
|
| 651 |
0 |
0 |
|a Costa Rica
|
| 651 |
0 |
0 |
|a Peru
|
| 651 |
0 |
0 |
|a Bolivia
|
| 651 |
0 |
0 |
|a Argentina
|
| 651 |
0 |
0 |
|a Colombia
|
| 651 |
0 |
0 |
|a Uruguay
|
| 651 |
0 |
0 |
|a Mexico
|
| 651 |
0 |
0 |
|a Brazil
|
| 651 |
0 |
0 |
|a Chile
|
| 999 |
|
|
|a B000030694
|b Book
|c Regions
|e Business Information Centre
|